000 03126nam a22004215a 4500
005 20090528122928.0
008 090429s2009 ii af b 001 0 eng
010 _aENG-93780
020 _a9780198060635
_c725.00
020 _a0198060637
_c725.00
035 _aEN-77313
035 _aB-361781-787
037 _bDBAD / PUB
037 _bUppal Book Store
040 _adpl
_bEnglish
082 _a306.0954
100 _aBalmiki Prasad Singh
245 _aIndia's culture :
_bthe state, the arts, and beyond /
_cby Balmiki Prasad Singh.
250 _a2nd ed.
260 _aNew Delhi
_bOxford University Press
_c2009
270 _aYMCA Library Building, Jai Singh Road
_bNew Delhi
_e110001
300 _ali, 263 p., [6] leaves of plates :
_bill. (some col.) ;
_c23cm(Hb)
500 _aIncludes bibliographical references and index
650 _aCulture
_xGovernment policy
_zIndia
650 _aArts and society
_zIndia
651 _aIndia
_xCivilization
_xHistory.
942 _2ddc
_cEN
_mBAL
_h306.0954
999 _c26888
_d26888